000 00633nam a2200205Ia 4500
003 OSt
005 20250305170335.0
008 210210b2000 xxu||||| |||| 00| 0 eng d
040 _cAL
041 _aKannada
082 _aK894.108 NAGK
100 _aNAGABHUSHANA (O El).
_dನಾಗಭೂಷಣ(ಓ ಎಲ್)
_9204427
245 _aKannadakke Banda Kavitegalu.
_bಕನ್ನಡಕ್ಕೆ ಬಂದ ಕವಿತೆಗಳು
260 _aMandya
_bNelamane Prakashana
_c2000
300 _aviii,104
650 _aPadyagala anuvada sangraha
_9204428
690 _aKannada Poetry
_9204429
906 _aSG03779
942 _2ddc
_cSG
999 _c114616
_d114616